Famous rivalries - Statistics

General Stats
  • This quiz has been taken 51 times
    3 since last reset
  • The average score is 20 of 24
Answer Stats
Hint Answer % Correct
Hector Achilles
100%
Sparta Athens
100%
Joker Batman
100%
Los Angeles Lakers Boston Celtics
100%
Pepsi Coca-Cola
100%
Real Madrid FC Barcelona
100%
Draco Malfoy Harry Potter
100%
Ferrari Lamborghini
100%
Cristiano Ronaldo Lionel Messi
100%
DC Comics Marvel
100%
Burger King Mc Donald's
100%
Apple Microsoft
100%
Beatles Rolling Stones
100%
Naruto Uzumaki Sasuke Uchiha
100%
Simba Scar
100%
Jerry Tom
100%
AC Milan FC Internazionale
67%
Vegeta Goku
67%
Dwight Schrute Jim Halpert
67%
Biff Tannen Marty McFly
67%
Capulet Montague
67%
Niki Lauda James Hunt
33%
Björn Borg John McEnroe
33%
Daniel LaRusso Johnny Lawrence
33%
No matching quizzes found
Score Distribution
Percent of People with Each Score
Percentile by Number Answered
Your Score History
You have not taken this quiz since the last reset